000 00864nam0a22002291 4500
001 rc\1118404
005 20250622183730.0
035 _a(NLR Aleph) 006361579
090 _a4908040
_c4908040
100 _a20041126d1982 |||y0rusy50 ca
101 0 _arus
102 _aRU
105 _ay |||||||||
200 1 _aОбъективные методы исследования проходимости слуховой трубы
_eМетод. рекомендации
_fМ-во здравоохранения РСФСР, [Ленингр. НИИ по болезням уха, горла, носа и речи
_gСост. Р.В. Луковский]
210 _aЛ.
_cБ. и.
_d1982
215 _a8 с.
_d20
702 1 _aЛуковский
_bР.В.
_4220
801 0 _aRU
_bNLR
_gpsbo
801 1 _aRU
_bELAR
_2rusmarc
852 _aNLR
_j82-4/23811
942 _cBOOK
980 _aNB